Beauty and the Beast (All Lyrics) - Statistics

General Stats
  • This quiz has been taken 1,065 times
  • The average score is 84 of 113
Answer Stats
Beauty and the Beast % Correct
a
97%
be
96%
the
95%
and
93%
Beast
93%
Beauty
93%
time
92%
as
91%
As
91%
old
90%
Tale
89%
can
77%
it
75%
song
73%
Song
73%
Just
67%
just
67%
rhyme
67%
little
65%
True
65%
sun
64%
Then
63%
to
63%
even
61%
somebody
61%
Unexpectedly
61%
friends
59%
one
58%
change
57%
in
57%
will
57%
Barely
56%
bends
56%
Ever
55%
prepared
55%
rise
55%
say
55%
Neither
54%
scared
54%
least
53%
Both
52%
same
52%
surprise
52%
you
52%
east
50%
Small
50%
sure
49%
before
47%
Rising
46%
Certain
42%
were
40%
wrong
39%
Learning
37%
Tune
36%
Finding
35%
strange
33%
Bittersweet
27%
No matching quizzes found
Score Distribution
Percent of People with Each Score
Percentile by Number Answered
Your Score History
You have not taken this quiz